SCHOOL GARDENING AND NUTRITION EDUCATION TRAINER'S MANUAL (Record no. 22144)

000 -LEADER
fixed length control field 00462nam a22001577a 4500
003 - CONTROL NUMBER IDENTIFIER
control field LRUA
005 - DATE AND TIME OF LATEST TRANSACTION
control field 20231107202830.0
008 - FIXED-LENGTH DATA ELEMENTS--GENERAL INFORMATION
fixed length control field 231107b xxu||||| |||| 00| 0 eng d
040 ## - CATALOGING SOURCE
Transcribing agency FAO
082 ## - DEWEY DECIMAL CLASSIFICATION NUMBER
Edition number FAO SCH 2017 C011 Or.
100 ## - MAIN ENTRY--PERSONAL NAME
9 (RLIN) 16090
Personal name YIM CHHAY LY
245 ## - TITLE STATEMENT
Title SCHOOL GARDENING AND NUTRITION EDUCATION TRAINER'S MANUAL
260 ## - PUBLICATION, DISTRIBUTION, ETC. (IMPRINT)
Place of publication, distribution, etc. Phnom Penh
Name of publisher, distributor, etc. FAO AND AGRICULIURE ORGANIZATION OF THE UNITED NATIONS
Date of publication, distribution, etc. 2017
300 ## - PHYSICAL DESCRIPTION
Extent XVII.223P
942 ## - ADDED ENTRY ELEMENTS (KOHA)
Source of classification or shelving scheme
Koha item type សៀវភៅភាសាអង់គ្លេស
Holdings
Price effective from Date last seen Permanent Location Not for loan Date acquired Source of classification or shelving scheme Koha item type Barcode Lost status Damaged status Shelving location Withdrawn status Current Location Full call number
2023-11-072023-11-07Library Block C 2023-11-07 សៀវភៅភាសាអង់គ្លេសa073816  C011 Library Block CFAO SCH 2017 C011 Or.
មជ្ឈមណ្ឌលឯការនៃសាកលវិទ្យាល័យភូមិន្ទកសិកម្មចំការដូង

Powered by Koha